Landmark by Pictures - B - Statistics

General Stats
  • This quiz has been taken 37 times
  • The average score is 7 of 12
Answer Stats
Picture Hint Answer % Correct
United Kingdom Big Ben
97%
Romania Bran Castle
89%
Germany Brandenburg Gate
83%
U.K. Buckingham Palace
71%
U.A.E. Burj Khalifa
71%
U.S. Brooklyn Bridge
69%
Canada Banff National Park
57%
Hungary Buda Castle
43%
U.A.E. Burj Al-Arab
43%
Portugal Belem Tower
31%
Indonesia Borobudur Temple
14%
Malaysia Batu Caves
6%
No matching quizzes found
Score Distribution
Percent of People with Each Score
Percentile by Number Answered
Your Score History
You have not taken this quiz